书目信息 |
| 题名: |
中国的新革命
|
|
| 作者: | 凌志军 著 | |
| 分册: | ||
| 出版信息: | 武汉 湖北人民出版社 2008.07 |
|
| 页数: | 445页 | |
| 开本: | 24cm | |
| 丛书名: | 凌志军文集 | |
| 单 册: | ||
| 中图分类: | I253.3 , F127.1 | |
| 科图分类: | ||
| 主题词: | 高技术--gao ji shu--经济开发区--经验--北京市 , 报告文学--bao gao wen xue--中国--现代 | |
| 电子资源: | ||
| ISBN: | 978-7-216-05552-9 | |
| 000 | 01164nam 2200301 450 | |
| 001 | 012009359510 | |
| 005 | 20091127195105.59 | |
| 010 | @a978-7-216-05552-9@dCNY47.00 | |
| 100 | @a20091127d2008 em y0chiy0120 ea | |
| 101 | 0 | @achi |
| 102 | @aCN@b420000 | |
| 105 | @aac a 000yy | |
| 106 | @ar | |
| 200 | 1 | @a中国的新革命@Azhong guo de xin ge ming@e1980-2006年,从中关村到中国社会@f凌志军著@Fling zhi jun zhu |
| 210 | @a武汉@c湖北人民出版社@d2008.07 | |
| 215 | @a445页@c图, 肖像@d24cm | |
| 225 | 2 | @a凌志军文集@Aling zhi jun wen ji |
| 320 | @a有书目 | |
| 330 | @a本书从评述中关村1980到2006年的历史入手,描绘了中国社会发展波澜壮阔的画卷。作者在这部作品中,试图将企业的兴衰沉浮,与个人品行、国民性格、政府行为、政治风云、世界潮流合并起来思考。 | |
| 410 | 0 | @12001 @a凌志军文集 |
| 517 | 1 | @a1980-2006年,从中关村到中国社会@A1980-2006 nian,cong zhong guan cun dao zhong guo she hui |
| 606 | 0 | @a高技术@Agao ji shu@x经济开发区@x经验@y北京市 |
| 606 | 0 | @a报告文学@Abao gao wen xue@y中国@z现代 |
| 690 | @aI253.3@v4 | |
| 690 | @aF127.1@v4 | |
| 701 | 0 | @a凌志军@Aling zhi jun@4著 |
| 801 | 0 | @aCN@bQSSK@c20091127 |
| 905 | @b765751-53@dI253.3@eL566@f3 | |
| 中国的新革命:1980-2006年,从中关村到中国社会/凌志军著.-武汉:湖北人民出版社,2008.07 |
| 445页:图, 肖像;24cm.-(凌志军文集) |
| ISBN 978-7-216-05552-9:CNY47.00 |
| 本书从评述中关村1980到2006年的历史入手,描绘了中国社会发展波澜壮阔的画卷。作者在这部作品中,试图将企业的兴衰沉浮,与个人品行、国民性格、政府行为、政治风云、世界潮流合并起来思考。 |
| ● |
| 相关链接 |
|
|
|
正题名:中国的新革命
索取号:I253.3/L566
 
预约/预借
| 序号 | 登录号 | 条形码 | 馆藏地/架位号 | 状态 | 备注 |
| 1 | 765751 | 207657515 | 文学库108/108文学库 68排3列2层/ [索取号:I253.3/L566] | 在馆 | |
| 2 | 765752 | 207657524 | 文学库108/108文学库 68排3列2层/ [索取号:I253.3/L566] | 在馆 | |
| 3 | 765753 | 207657533 | 文学库108/108文学库 68排3列2层/ [索取号:I253.3/L566] | 在馆 |